书目信息 |
| 题名: |
做孩子一生的贵人
|
|
| 作者: | 蔡礼旭 著 | |
| 分册: | ||
| 出版信息: | 北京 团结出版社 2015.01 |
|
| 页数: | 431页 | |
| 开本: | 24cm | |
| 丛书名: | ||
| 单 册: | ||
| 中图分类: | G775 | |
| 科图分类: | ||
| 主题词: | 青少年教育--qing shao nian jiao yu--研究--中国 | |
| 电子资源: | ||
| ISBN: | 978-7-5126-2964-6 | |
| 000 | 00992nam0 2200229 450 | |
| 001 | 0105143336 | |
| 005 | 20201105143351.0 | |
| 010 | @a978-7-5126-2964-6@dCNY36.00 | |
| 100 | @a20150601e20192015em y0chiy50 ea | |
| 101 | 0 | @achi |
| 102 | @aCN@b110000 | |
| 105 | @ay z 000yy | |
| 106 | @ar | |
| 200 | 1 | @a做孩子一生的贵人@Azuo hai zi yi sheng de gui ren@f蔡礼旭著 |
| 210 | @a北京@c团结出版社@d2015.01@h2019.11 | |
| 215 | @a431页@d24cm | |
| 330 | @a本书则是告诉我们如何做一个好的老师、好的父母、好的长辈,也就是扮演好君、亲、师的角色。编者在阅读这本书的时候,深为老师的悲悯之心所感动,读到深情之处,更是禁不住落泪!老师数年来,以一颗真诚无私之心,把自己多年来弘扬传统文化、从事教育工作的心得毫无保留地献给大家。如果你想让子女孝顺、学生听话,成为一个优秀的父母、老师和领导者,这本书不可不读! | |
| 606 | 0 | @a青少年教育@Aqing shao nian jiao yu@x研究@y中国 |
| 690 | @aG775@v5 | |
| 701 | 0 | @a蔡礼旭@Acai li xu@f(1973-)@4著 |
| 801 | 0 | @aCN@bBJSZM@c20201105 |
| 905 | @b1263075-6@dG775@e37@f2 | |
| 做孩子一生的贵人/蔡礼旭著.-北京:团结出版社,2015.01(2019.11) |
| 431页;24cm |
| ISBN 978-7-5126-2964-6:CNY36.00 |
| 本书则是告诉我们如何做一个好的老师、好的父母、好的长辈,也就是扮演好君、亲、师的角色。编者在阅读这本书的时候,深为老师的悲悯之心所感动,读到深情之处,更是禁不住落泪!老师数年来,以一颗真诚无私之心,把自己多年来弘扬传统文化、从事教育工作的心得毫无保留地献给大家。如果你想让子女孝顺、学生听话,成为一个优秀的父母、老师和领导者,这本书不可不读! |
| ● |
| 相关链接 |
|
|
|
|
正题名:做孩子一生的贵人
索取号:G775/37
 
预约/预借
| 序号 | 登录号 | 条形码 | 馆藏地/架位号 | 状态 | 备注 |
| 1 | 1263075 | 212630759 | 第一样本阅览室/ [索取号:G775/37] | 在馆 | |
| 2 | 1263076 | 212630768 | 第四借阅区/ [索取号:G775/37] | 在馆 |